| 000 | 01619cad a22002295a 4500 | ||
|---|---|---|---|
| 001 | L154625 | ||
| 008 | 120106e20110126xxk f 000 0 eng d | ||
| 035 | _a(Sirsi) u154625 | ||
| 041 | 0 | _aeng | |
| 245 | 0 | 0 |
_aBOH Ltd; Layhawk Consultants Ltd v Eastern Power Networks Plc (formerly EDF ENERGY NETWORKS (EPN Plc)) _h[electronic resource] |
| 260 | _C2011 | ||
| 520 | _a[2009] EWHC 3193 (Ch), 26 January 2011. Considers whether a freehold owner of property benefitted from cable rights (derived only from a lease of the property previously granted to the owner) across adjoining property (owned by third parties) to the public highway. The court initially decided that Respondent E had rights of access over Appellant B's plots and a right to maintain in position underground cables in B's plots. B and the third party appealed. "Held": appeal dismissed. CA found in favour of E. B contended unsuccessfully that E's forerunner EDF could not exercise the cable right which ended when E's predecessor EDF owned both the lease containing the right and the freehold. CA found a merger was not intended so the cable right remained. | ||
| 590 | _aKA | ||
| 650 | 2 | 4 | _aBOH LTD AND ANOTHER V EASTERN POWER NETWORKS PLC (FORMERLY EDF ENERGY NETWORKS (EPN PLC)) |
| 650 | 2 | 4 | _aLANDLORD AND TENANT ACT 1954 PART II S24 |
| 650 | 2 | 4 | _aCAPITAL AND COUNTIES BANK LTD V RHODES |
| 650 | 2 | 4 | _aINGLE V VAUGHAN JENKINS |
| 651 | 4 |
_aEngland and Wales _y1543- |
|
| 690 |
_aBoundary disputes _96221 |
||
| 856 | 4 | 0 |
_uhttps://www.bailii.org/ew/cases/EWCA/Civ/2011/19.html _zView this law report free of charge at www.bailii.org |
| 942 | _n0 | ||
| 999 |
_c113075 _d113075 |
||